UBT Library

THE LINCOLN LIBRARY OF EESENTIALS INFORMATION (Record no. 43487)

000 -LEADER
fixed length control field 00301nam a22001217a 4500
008 - FIXED-LENGTH DATA ELEMENTS--GENERAL INFORMATION
fixed length control field 180226b xxu||||| |||| 00| 0 eng d
041 ## - LANGUAGE CODE
Language code of text/sound track or separate title eng
080 ## - UNIVERSAL DECIMAL CLASSIFICATION NUMBER
Universal Decimal Classification number L 021.00973
100 ## - Rafti
Rafti 0
101 ## - Shkurtesa
Shkurtesa LIB
245 ## - TITLE STATEMENT
Title THE LINCOLN LIBRARY OF EESENTIALS INFORMATION
Statement of responsibility, etc ABRAHAM.L
942 ## - ADDED ENTRY ELEMENTS (KOHA)
Source of classification or shelving scheme
Item type Books
Holdings
Withdrawn status Lost status Source of classification or shelving scheme Damaged status Not for loan Collection code Permanent location Current location Shelving location Date acquired Total Checkouts Full call number Barcode Date last seen Price effective from Koha item type
          Koleksioni i përgjithshem UBT - Lipjan UBT - Lipjan Koleksioni i lëndeve mesimore 02/26/2018   L 021.00973 ABR 002-2999750 02/26/2018 02/26/2018 Books
UBT Library © 2015-2024. All rights reserved University Education for Business and Technology